Transfer poznatkov vedy a výskumu akademického sektora v SR

Motivácia k využitiu poznatkov výskumu - transfér technológií. Fázy ochrany duševného vlastníctva. Fáza komercializácie duševného vlastníctva. Transfer technológií v Českej a Slovenskej republike. Centrá transféru akademických inštitúcií.

Saved in:
Bibliographic Details
Main Author: Kačírková, Mária
Format: Book Chapter
Language:Slovak
Subjects:
Tags: Add Tag
No Tags, Be the first to tag this record!

MARC

LEADER 00000naa a2200000 4500
001 0196756
005 20230918095414.6
041 0 |a slo 
044 |a SK 
245 1 0 |a Transfer poznatkov vedy a výskumu akademického sektora v SR  |c Mária Kačírková 
520 |a Motivácia k využitiu poznatkov výskumu - transfér technológií. Fázy ochrany duševného vlastníctva. Fáza komercializácie duševného vlastníctva. Transfer technológií v Českej a Slovenskej republike. Centrá transféru akademických inštitúcií. 
610 2 0 |a transfer technológie 
610 2 0 |a transfer inovácií 
610 2 0 |a kooperácia 
610 2 0 |a výskum 
610 2 0 |a Česko 
610 2 0 |a Slovensko 
610 2 0 |a vlastníctvo duševné 
100 1 |a Kačírková, Mária